[Event "Kemerovo2"]
[Site "Kemerovo"]
[Date "1995.??.??"]
[Round "13"]
[White "Mikhailov, Vladimir"]
[Black "Serper, Grigory"]
[Result "0-1"]
[WhiteElo "2355"]
[BlackElo "2560"]
[Annotator "Nikitin,A"]
[PlyCount "70"]
[EventDate "1995.08.??"]
[EventType "tourn"]
[EventRounds "13"]
[EventCountry "RUS"]
[EventCategory "6"]
[SourceTitle "CBM 049 Extra"]
[Source "ChessBase"]
[SourceDate "1996.01.01"]
[SourceVersion "1"]
[SourceVersionDate "1996.01.01"]
[SourceQuality "1"]

1. d4 d5 2. c4 c6 3. Nf3 Nf6 4. Nc3 e6 5. g3 (5. Bg5 $1) 5... dxc4 6. Bg2 b5 7.
O-O Bb7 8. a4 a6 9. Ne5 Nd5 10. Nxd5 (10. axb5 axb5 11. Rxa8 Bxa8 12. Bd2 Nd7
13. Nxd7 Qxd7 14. e4 Nxc3 15. Bxc3 Be7 $15 {Geller,E-Dolmatov,S/Minsk/1979/}) (
10. Ne4 $1 Nd7 11. Bg5 f6 12. Nxd7 Qxd7 13. Bd2 Be7 14. Nc5 $146 {Szabo,
L-Shamkovich,L/Konstanza/1969/}) 10... cxd5 11. e4 dxe4 (11... Be7 $5 12. exd5
exd5 13. b3 cxb3 14. axb5 Qb6) 12. Qh5 Qc7 (12... g6 $2 13. Nxg6 $1 fxg6 14.
Qe5 $16) 13. Bf4 Bd6 (13... g6 14. Qe2 $1 $146 (14. Qh4 $2 Be7 15. Nxg6 Bxh4
16. Bxc7 hxg6 17. gxh4 Nd7 18. axb5 axb5 19. Rxa8+ Bxa8 20. Ra1 Ke7 21. Ra7 Bd5
$15 22. Ba5 Rc8 23. Bb4+ Kd8 24. Kf1 Ra8 $17) 14... Bd6 15. Bxe4 O-O 16. axb5
f6 17. Bxb7 Qxb7 18. Nxg6 $16) 14. Nxf7 Qxf7 15. Qxf7+ Kxf7 16. Bxd6 Rd8 17.
Bc7 Rc8 (17... Rxd4 18. axb5 $146) 18. Bxb8 $2 (18. Bd6 Nd7 $15) 18... Raxb8
19. Rfe1 b4 $1 $19 20. Bxe4 Bxe4 21. Rxe4 c3 22. bxc3 bxc3 23. Rc1 c2 $17 24.
a5 Rb1 25. Ree1 Rxc1 26. Rxc1 Ke7 27. Kf1 Kd6 28. Ke2 Kd5 29. Kd3 Rc4 30. Rxc2
Rxc2 31. Kxc2 Kxd4 32. Kb3 e5 33. Kb4 e4 $1 34. g4 g5 35. h3 h6 0-1

[Event "Chigorin Memorial"]
[Site "St Petersburg"]
[Date "1995.??.??"]
[Round "6"]
[White "Neverov, Valeriy"]
[Black "Bukhman, Eduard"]
[Result "1/2-1/2"]
[WhiteElo "2490"]
[BlackElo "2395"]
[Annotator "Nikitin,A"]
[PlyCount "67"]
[EventDate "1995.09.??"]
[EventType "swiss"]
[EventRounds "9"]
[EventCountry "RUS"]
[SourceTitle "EXT 1997"]
[Source "ChessBase"]
[SourceDate "1996.11.15"]
[SourceVersion "1"]
[SourceVersionDate "1996.11.15"]
[SourceQuality "1"]

1. d4 Nf6 2. Nf3 e6 3. c4 d5 4. g3 dxc4 5. Bg2 c5 6. O-O Nc6 7. Ne5 Bd7 8. Na3
cxd4 9. Naxc4 Bc5 10. Qb3 Qc8 (10... O-O 11. Qxb7 $5 Nxe5 12. Nxe5 Rb8 13. Qf3
Bd6 14. Nxd7 Qxd7 15. Bg5 Be5 16. Rab1 Qa4 $15) 11. Nd3 Be7 12. Bf4 O-O 13.
Rac1 (13. Nd6 Bxd6 14. Bxd6 Rd8 15. Nc5 $2 Be8 16. Nxb7 Rd7 $17) 13... Rd8 14.
Bd6 $146 Nd5 $1 15. Qa3 (15. Bxe7 Ndxe7 16. Nd6 Qc7 17. Nxb7 $2 Rdb8 18. Ndc5
Bc8 $17) 15... Bxd6 16. Nxd6 Qc7 17. Bxd5 exd5 18. Nb5 Qb6 19. Qc5 $1 Bf5 $1
20. Rfd1 Bxd3 21. Rxd3 Qxc5 22. Rxc5 Rac8 23. Kg2 Kf8 24. Nxd4 Nxd4 25. Rxc8
Rxc8 26. Rxd4 Rc2 $1 $10 27. Rb4 b6 28. Kf3 Ke7 29. Ke3 Kd6 30. Kd3 Rc1 31. Rh4
h6 32. Rf4 Ke6 33. Ra4 a5 34. h4 1/2-1/2

[Event "Lausanne YM qf"]
[Site "Lausanne"]
[Date "1999.05.14"]
[Round "1"]
[White "Bunzmann, Dimitrij"]
[Black "Pelletier, Yannick"]
[Result "0-1"]
[WhiteElo "2555"]
[BlackElo "2483"]
[Annotator "Pelletier,Y"]
[PlyCount "88"]
[EventDate "1999.05.??"]
[EventType "match"]
[EventRounds "1"]
[EventCountry "SUI"]
[SourceTitle "CBM 071"]
[Source "ChessBase"]
[SourceDate "1999.08.01"]
[SourceVersion "1"]
[SourceVersionDate "1999.08.01"]
[SourceQuality "1"]

{[%mdl 5120]} 1. d4 Nf6 2. c4 e6 3. Nf3 Bb4+ {Ribli: 'Das ist eigentlich die
Bogoindische Verteidigung, aber mit Zugumstellung erreichen wir die
Katalanische Eröffnung. Ribli.'} 4. Bd2 a5 5. g3 d5 {Ribli: 'Die andere
schwarze Möglichkeit wäre, die Stellung mit 5...d6 geschlossen zu halten.'} 6.
Bg2 {Dieser normale Zug erlaubt Schwarz, das Spiel im katalanischen Stil zu
verschäfen. Die Alternative ist natürlich 6.Qc2.} (6. Qc2 $5 {Der Damenzug
kommt stark in Betracht, denn jetzt oder später muß Weiß so spielen.}) 6...
dxc4 7. Qc2 (7. O-O O-O (7... b5 8. a4 Bxd2 9. Nfxd2 {[%cal Rg2a8]} Ra7 10.
axb5 Qxd4 11. Na3 Bb7 12. Bxb7 Rxb7 13. Ndxc4 $16) 8. Qc2 b5 (8... Nc6 9. Qxc4
Qd5 (9... Qd5 10. Qxd5 exd5 11. Bf4 Bg4 12. e3 Rac8)) 9. a4 bxa4 (9... c6 $2
10. axb5 Bxd2 11. Nfxd2 {[%cal Gg2a8]} Qxd4 12. Nxc4 $16) 10. Rxa4 (10. Nc3 Bb7
11. Nxa4 Bxd2 12. Qxd2 Nbd7 13. Rfc1 Nb6 14. Nc5 {1-0 Gulko,B-Makarichev,S/
USSR 1974/Inf 17 (51)}) 10... Bb7 11. Bxb4 (11. Qxc4 Bd5 $5 (11... Bxd2 12.
Nfxd2 (12. Nbxd2 Ba6 {[%csl Re2][%cal Ga6e2]}) 12... Bxg2 13. Kxg2 Nbd7 $11))
11... axb4 12. Rxa8 Bxa8 13. Nbd2 c5 14. dxc5 Qa5 15. Qxc4 Bd5 16. Qd4 Rd8 17.
Nc4 Bxc4 18. Qxc4 Rc8 19. Nd4 Rxc5 20. Qd3 Rc8 {1/2-1/2 Karpov,A-Piket,J/
Monaco 1999/CBM 70_07 (43)}) (7. Na3 Bxa3 8. bxa3 O-O 9. Qc2 b5 10. Ne5 Nd5 11.
Rb1 c6 12. O-O $44) 7... Bxd2+ {'!?' Ribli. Viel häufiger wird hier 7...Nc6
gespielt, was von Smyslov oft angewendet wurde. Während meiner
Vorbereitungsarbeit hatte ich eigentlich das seltene 7...b6 geplant, doch auf
dem Brett entschied ich anders. Ribli: 'Das ist wahrscheinlich die beste
Zugfolge für Schwarz. Er spielt (noch) nicht 7...b5, denn in diesem Fall
könnte Weiß nach späterem ...Bxd2 Nfxd2 spielen und damit die Diagonale des
Läufers g2 öffnen. In der Partiestellung hat Weiß hingegen keine Wahl - Er muß
8.Nbxd2 spielen.'} (7... b5 8. a4 Bxd2+ 9. Nfxd2 $1 {[%cal Gg2a8] Das ist der
Unterschied. Jetzt hängt a8.} Nd5 10. axb5 {[%csl Rc4]} c6 11. Qxc4 {1-0 Zhu
Chen-Hort,V/Bad Homburg 1998/CBM 66/[Ribli] (39)}) (7... Nc6 8. Qxc4 Qd5) (7...
b6 8. Ne5 Ra7 9. Bxb4 axb4 10. Qxc4 Qd6 11. Nd3 Ba6 12. Qxb4 Bxd3 13. Qxd6 cxd6
14. exd3 d5 $44 {Weiß hat einen Bauern mehr, aber seine Bauernstellung ist
schwach, besonders die Bauern auf d3 und d4.}) 8. Nbxd2 b5 9. a4 c6 10. Ne5 {
'~~?!' Ribli. Ribli: 'Weiß öffnet sofort die Diagonale des g2-Läufers, aber
Schwarz bekommt starkes Gegenspiel. Ich denke, die alte Alternative, die Idee
des Bauernopfers mit folgendem b2-b3 ist chancenreicher für Weiß.'} (10. O-O
O-O 11. b3 {wird hier häufig empfohlen.} {Nach} cxb3 12. Nxb3 Ba6 (12... Nd5
13. e4 Nb4 14. Qc3 Ba6 15. axb5 Bxb5 16. Rfd1 Nd7 {1/2-1/2 Fauland,A-Kaidanov,
G/Moscow 1989/TD (41) Jetzt kann Weiß 17.Nxa5 spielen und gewinnt den Bauern
zurück.}) 13. Nc5 Nd5 {[%csl Gb4,Gd5] habe ich eher das Gefühl, dass Weiss
nach Kompensation sucht}) 10... Nd5 {Ribli: 'Der Springer steht ausgezeichnet
auf d5. Er kann später nach b4 ziehen und in einigen Varianten kommt Schwarz
mit ...f7-f6.'} 11. O-O (11. b3 $2 Nb4 12. Qc3 Qxd4 13. Qxd4 Nc2+ 14. Kd1 Nxd4
$17) 11... O-O {Ribli: 'Weiß hat etwas Initiative für den Bauern,aber er kann
ihn nicht zurückgewinnen.'} 12. e4 $2 {[%csl Ye4][%cal Rg2a8,Rd2e4,Re4c5] Ein
grober Fehler; Weiss schliesst alle Angriffslinien (Diagonale des Bg2; Feld e4
für den Nd2) und steht dann klar schlechter.} ({Auf das bessere} 12. Ne4 {
, hatte ich vor,} f6 13. Nf3 Na6 $5 {[%csl Gb4,Gc5,Ge5] zu spielen.}) (12. b3
f6 13. Nef3 (13. bxc4 $2 Nb4 $19) 13... c3 14. e4 cxd2 15. exd5 exd5 16. Qxd2
$15) 12... Nb4 ({Besser war vielleicht} 12... Nb6 {, da Weiss provoziert wird,
auf b5 zu tauschen.Nach} 13. axb5 (13. Rfd1 Qxd4 14. Ndxc4 $140 $2 Qc5) 13...
cxb5 {[%cal Yb8a6,Ya6b4,Yc8b7] fällt es Schwarz einfacher als in der Partie,
seine Figuren zu entwickeln. (Bb7 wäre aktiver, Nb8 zielt evt. nach b4)}) 13.
Qc3 Nd7 (13... Bb7 $5) 14. Nxd7 {Sonst erscheint der Springer auf b6.} (14.
Nef3 Nb6 15. axb5 cxb5 16. b3 cxb3 17. Nxb3 Na4 $17) (14. b3 $2 Nxe5 15. dxe5
Qd3 16. Qxd3 cxd3 $17) 14... Qxd7 {[%cal Rf8d8,Rd8d4] '!' Ribli.} 15. b3 $5 {
Dimitri trifft die richtige Entscheidung, indem er den Damenflügel öffnet.} (
15. Rfd1 Rd8 {[%csl Rd4]} 16. Nf3 $5) 15... Rd8 (15... e5 {zog ich auch in
Betracht, war aber wegen der Folge} 16. d5 (16. dxe5 $6 Rd8 17. Rfd1 cxb3 18.
Qxb3 Qe7 {gefolgt von Be6.}) 16... cxb3 17. Nxb3 cxd5 18. exd5 {nicht
besonders überzeugt.}) 16. axb5 {'?!' Ribli. Ribli: 'Es wäre meines Erachtens
wichtig für Weiß, den d4-Bauern zu verteidigen.'} ({Die Alternative} 16. Rfd1 {
lag im Zentrum meiner Gedanken. Ich versuchte die Konsequenzen von} Qxd4 $6 17.
Qxd4 Rxd4 18. Nxc4 {richtig einzuschätzen. Ich glaubte, dass} e5 (18... Rxd1+
19. Rxd1 Kf8 20. axb5 cxb5 21. e5 {ergibt gleiche Chancen.}) 19. Rxd4 exd4 20.
Nb6 Rb8 21. Nxc8 Rxc8 22. axb5 cxb5 23. Rxa5 d3 {zum Figurengewinn führte,
übersah aber, dass falls der Nb4 nach} 24. Rxb5 d2 25. Bf3 {weggehen würde,
das Feld d5 für den Turm frei wäre. Besser sind deshalb einfache
Entwicklungszügen wie 16...Bb7 oder 16...Ba6, wonach der schwarze Vorteil
spürbar bleibt.}) (16. Nf3) 16... cxb5 {'=/+' Ribli.} 17. bxc4 ({Nach} 17. Rfd1
Bb7 18. bxc4 Qxd4 19. Qxd4 Rxd4 20. Nb3 Rxd1+ 21. Rxd1 bxc4 22. Nxa5 Ba6 {
, käme ein ähnliches Endspiel. wie in der Partie, mit dem Unterschied, dass
Schwarz im Verglich aktiver wäre.}) 17... Qxd4 {Ribli: 'Schwarz kann zufrieden
sein. er hat einen Bauern mehr und gewinnt auch den Bauern c4.'} 18. Qxd4 Rxd4
19. Nb3 (19. e5 Ra7 20. Nb3 Rxc4 21. Nxa5 Rc3 {ändert eigentlich nicht viel.})
19... Rxc4 20. Rfd1 (20. Nxa5 Rc7 {oder} (20... Rc3 $17)) (20. e5 Nd5 {waren
nicht genug.}) 20... g6 (20... Ba6 21. Nxa5 Rc3 22. Nb7 $1 {war gar nicht
überzeugend, und ich verwarf}) (20... Kf8 {, weil mich in einigen Varianten
Gespenste der Art Nxa5-c6-Rd8 beunruhigten.}) (20... Nc6 $2 21. Nxa5) 21. Bf1 (
21. Nxa5 Rc3 22. e5 Ra7) (21. Rd8+ Kg7 22. e5 Nc6 23. Rd6 Bb7 $19) 21... Rc3
22. Rxa5 Rxa5 23. Nxa5 Ba6 {'-/+' Ribli. Ribli: 'Der schwarze Mehrbauer ist
für Weiß sehr gefährlich.'} 24. Rd4 {Ribli: 'Die schwarze Drohung war 24...Ra3.
'} ({Auf} 24. Rb1 {sind sowohl} Nc2 {als auch 24...Nd3 günstig}) 24... Ra3 25.
Rxb4 (25. Nb7 Bxb7 (25... Nc6 $1) 26. Rxb4 Ra4 27. Rxb5 Bxe4 28. Re5 Kg7 $17 {
xKg1}) 25... Rxa5 26. Rd4 (26. f4 Kf8 27. e5 Ke7 {würde dem Nachziehenden die
Aktivierung seines Königs gestatten.}) 26... Bb7 27. f3 (27. Rb4 Bc6 $17) 27...
Kg7 28. Rd6 ({Schlechter war} 28. Rd7 Bc6 29. Rd6 Be8 30. Rd8 Kf8 31. Rb8 Ke7
32. Rb7+ Bd7 {und Schwarz erzielt klare Fortschritte.}) 28... Ra6 {'!' Ribli.}
(28... Kf6 29. Rb6 Ba6 30. f4 $15) 29. Rxa6 $2 {Das Läuferendspiel ist kaum
haltbar. Indem er die Türme tauscht, verliert Weiss den grössten Teil seiner
Aktivität.} ({Besser war} 29. Rd4 Rb6 30. Rb4 {[%csl Yb4,Yf1] Hier denke ich,
dass Schwarz am besten mit} Ba6 {[%csl Gc6] weitergeht, da das Feld c6 für den
König frei gelassen werden muss.} 31. e5 (31. Kf2 e5) 31... Kf8 32. Kf2 Ke7 33.
Ke3 Kd7 34. Kd4 Kc6 35. f4 Rb8 {mit guten Gewinnchancen für Schwarz.}) (29. Rd7
Rb6 {[%cal Rb5b4,Rb4b3,Rb3b2]}) 29... Bxa6 30. Kf2 $6 {Dimitri erleichtert
meine Aufgabe.} (30. e5 Kf8 31. Kf2 Ke7 32. Ke3 Kd7 33. Kd4 Kc6 34. f4 Kb6 {
hätte zwar kaum gehalten.}) 30... e5 $19 {[%csl Re4] Ribli: 'Es ist logisch,
daß Schwarz seine Bauern auf schwarzen Feldern aufstellt.'} (30... Kf6 31. Ke3
Ke5 32. f4+) 31. Ke3 Kf8 (31... Kf6 32. f4 Ke6) 32. h4 (32. f4 f6) 32... h6 {
Ribli: 'Schwarz stellt seine Bauern konsequent auf e5, f6, g5 und h6.'} 33. Bd3
({Nach} 33. f4 f6 34. f5 g5 35. Kf3 Ke7 36. Kg4 ({oder} 36. hxg5 hxg5 37. Kg4
Bb7 $1 38. Bxb5 Bxe4 {[%csl Rg4] und Weiss ist paralysiert.}) {muss Schwarz
aufpassen und} 36... Bb7 $1 {spielen.} (36... gxh4 37. gxh4 Kd6 {führt auf
sehr hübsche und überraschende Weise nur zum Remis:} 38. Kh5 Kc5 39. Kxh6 Kd4
40. Kg7 $3 b4 41. Bxa6 b3 42. h5 b2 43. h6 b1=Q 44. h7 Qg1+ 45. Kxf6 Qh2 46.
Kg7 Qg3+ 47. Kf7 Qh4 48. Kg7 Qe7+ (48... Qg5+ 49. Kf7 Qh6 50. Kg8) 49. Kg8 {
und Schwarz kommt nicht weiter.}) 37. Bd3 Kf8 38. Kf3 Bc6 {sollte dann
problemlos genügen.}) 33... Ke7 34. Bb1 (34. f4 f6 35. f5 g5 36. Kf3 Kd6 37.
Kg4 Kc5 {ist diesmal zum Sieg ausreichend:} 38. Kh5 (38. hxg5 hxg5 39. Kh5 Kd4)
38... gxh4 39. gxh4 Kd4 40. Bc2 b4 41. Kxh6 Bd3 42. Bb3 (42. Ba4 Kxe4 43. Kg6
Kf4 $19) 42... Kxe4 43. Kg6 Kf4 44. Be6 Be2 $1 45. Kxf6 (45. h5 Bxh5+ 46. Kxh5
e4 $19) 45... Bh5 (45... e4 46. Kg6 Ke5 $1 $19) 46. Ke7 e4 47. f6 e3 $19) {
Der Rest stellt kein Problem mehr.} 34... f6 35. f4 Kd6 36. Ba2 Kc5 {Ribli:
'Die Überführung des schwarzen Königs zum Damenflügel entscheidet den Kampf.
Weiß hat kein Gegenspiel, während der b-Bauer voranschreitet.'} 37. Bf7 g5 38.
Kf3 b4 39. Bb3 (39. hxg5 hxg5 40. fxg5 fxg5 41. Kg4 Bc4 42. Be8 b3 43. Ba4 b2
44. Bc2 Kd4 45. Kxg5 Bd3 $19) 39... Bc4 40. Bc2 b3 41. Bxb3 Bxb3 42. fxe5 fxe5
43. hxg5 hxg5 44. Kg4 Kd4 0-1

[Event "SUI-ch"]
[Site "Lenzerheide"]
[Date "2010.07.14"]
[Round "7"]
[White "Pelletier, Yannick"]
[Black "Kosteniuk, Alexandra"]
[Result "1-0"]
[WhiteElo "2589"]
[BlackElo "2518"]
[Annotator "Pelletier,Y"]
[PlyCount "73"]
[EventDate "2010.07.08"]
[EventType "tourn"]
[EventRounds "9"]
[EventCountry "SUI"]
[EventCategory "10"]
[SourceTitle "CBM 137 Extra"]
[Source "ChessBase"]
[SourceDate "2010.09.01"]
[SourceVersion "1"]
[SourceVersionDate "2010.09.01"]
[SourceQuality "1"]

1. d4 Nf6 2. c4 e6 3. g3 d5 4. Nf3 dxc4 5. Bg2 Bb4+ 6. Bd2 a5 7. Qc2 Bxd2+ 8.
Qxd2 c6 9. a4 b5 10. Na3 {Anands Erfindung aus der 4. Partie seines WM-Kampfs
gegen Topalov.} Ba6 {Kosteniuk spielte diese Neuerung und die kommenden Züge
rasch aus.} 11. Ne5 Nd5 12. Nxc6 Nxc6 13. axb5 Bxb5 14. Nxb5 O-O ({Ich hatte
eher} 14... Rb8 {erwartet, und wollte mit} 15. Na3 Ndb4 16. Rd1 {reagieren.
Der Textzug ist selbstverständlich stärker.}) 15. e3 ({Erst dieser Zug
überraschte meine Gegnerin. Die logische Alternative} 15. Na3 {gefiel mir wegen
} Qb6 16. Nxc4 (16. e3 Qb4 $1 $11) 16... Qxd4 17. Qxd4 Nxd4 18. Rxa5 {weniger.
Weiss hat einen Bauern gewonnen, aber die schwarzen Remischancen sind gross.
Kosteniuk hat in ihrer Vorbereitung sicher den besten Weg hier gefunden.})
15... Rb8 ({Nach} 15... Qb6 {kehrt der Springer diesmal nach c3 zurück.}) 16.
Na3 Rb4 17. O-O ({Stärker war} 17. Rc1 Qb6 (17... c3 18. bxc3 Rb3 (18... Ra4
19. Nb5 $16) 19. Nb1 $16) 18. Nxc4 Qb5 19. Bf1 {Ich sah zwar, dass dieser
ungewöhnliche Zug zum Vorteil führen sollte, aber überschätzte meine
Perspektiven nach dem Textzug. Schwarz gleicht in der Tat hier nicht aus, z.B:}
Nb6 20. Nxb6 Qxb6 21. Bg2 Ne7 22. O-O Rxb2 23. Rc2 $14 {Es steht materiell
gleich, aber Weiss ist aktiver und kann den schwachen a-Bauern angreifen.})
17... Qb8 ({Meine Gegnerin übersah nach} 17... Qb6 18. Rfc1 Rxb2 19. Nxc4 Rxd2
20. Nxb6 {den ausgleichenden Zug} Nxd4 $1 $11 {Ich hätte 18.Qe2 gespielt, aber
Schwarz hat nach 18...a4 19.Rfc1 Na5 kaum was zu fürchten.}) 18. Rab1 ({
Leichten Vorteil konnte sich Weiss mittels} 18. Rfc1 Rxb2 19. Qd1 c3 20. Bxd5
exd5 21. Rxc3 {sichern.}) 18... a4 ({In Sicht hatte ich auch die Variante} 
18... Rc8 19. Rfc1 Nce7 20. e4 c3 21. Qe1 $1 cxb2 22. Rxc8+ Qxc8 23. exd5 Nxd5
24. Bxd5 exd5 25. Qd2 $14 {Vielleicht handelt es sich hier um einen grösseren
Vorteil, aber solche Bauern machen immer Angst!}) 19. Rfd1 Rd8 ({Um die weisse
Bauernexpansion im Zentrum zu bremsen, kam} 19... f5 $5 {in Frage. Schwarz
steht nach} 20. Qc2 Na5 21. e4 fxe4 22. Qxe4 Qb6 {befriedigend.}) 20. e4 Nf6
21. Qc3 h6 $2 ({Kosteniuk übersah meine Drohung. Richtig war} 21... e5 22. dxe5
(22. d5 Nd4) 22... Rxd1+ 23. Rxd1 Nxe5 24. Bf1 ({Der "Bauerngewinn"} 24. Qxb4
$2 Qxb4 25. Rd8+ Qf8 26. Rxf8+ Kxf8 27. f4 {geht leider nicht, da Schwarz das
typische Trick} Nd3 28. Nxc4 Nxb2 $1 $15 {zur Verfügung hat!}) (24. Nc2 $2 Rb3
25. Qa5 Rd3 $1 $15) 24... h6 25. Nxc4 Nxc4 26. Bxc4 Nxe4 27. Bxf7+ Kxf7 28.
Rd7+ Ke6 29. Qxg7 {Der Computer ist ziemlich optimistisch, aber meiner Meinung
nach besitzt Weiss nur praktische Chancen, einen Vorteil zu haben.}) (21... Na5
$6 {ist übrigens wegen} 22. Nc2 Rb5 23. Ra1 {schlecht}) 22. Nc2 Rb3 23. Qxc4
Qb6 ({Kosteniuk versucht spekulativ, das Spiel zu verschärfen, und opfert
einen zweiten Bauern. Als stärkste Verteidigung hielt ich während der Partie
der Übergang ins Endspiel. Aber nach} 23... Qb5 24. Qxb5 Rxb5 25. d5 exd5 26.
exd5 Nxd5 27. Nd4 $1 Nxd4 28. Rxd4 a3 29. Rxd5 Rbxd5 30. Bxd5 Rxd5 31. bxa3 {
ist das Turmendspiel wahrscheinlich verloren.}) (23... Nb4 $2 24. Na1 $18) 24.
Qxa4 e5 25. d5 Ng4 (25... Na5 26. Ne3 $16) 26. Rd2 ({Vielleicht funktioniert
auch} 26. Qxc6 Qxf2+ 27. Kh1 {, aber ich hörte mit der Variantenberechnung auf,
als ich} Rxg3 {sah. Weiss kann sich anscheinend mittels} 28. Rd2 Qxd2 29. hxg3
Qg5 30. Kg1 {verteidigen, aber ganz sicher sieht die weisse Königsstellung
nicht.}) 26... Rxb2 27. Rxb2 Qxb2 28. Bf3 {Diesen wichtigen Gewinnzug musste
im voraus gesehen werden.} Qc3 ({Relativ besser war} 28... Nxh2 29. Kxh2 Qc3 {
, auch wenn der verlorene h-Bauer nach} 30. Kg2 Qxd2 31. dxc6 $18 {keine Rolle
spielt.}) 29. Bxg4 Qxd2 30. dxc6 Qc3 31. Ne3 Rd4 32. Qa8+ Kh7 33. Qe8 Qa1+ 34.
Kg2 Qa7 35. Bf5+ g6 36. Bd7 Qa2 37. Nd5 1-0

[Event "Bundesliga 9798"]
[Site "Germany"]
[Date "1998.03.01"]
[Round "11.3"]
[White "Bauer, Christian"]
[Black "Piket, Jeroen"]
[Result "1/2-1/2"]
[WhiteElo "2525"]
[BlackElo "2630"]
[Annotator "Piket,L"]
[PlyCount "70"]
[EventDate "1997.10.18"]
[EventType "team-tourn"]
[EventRounds "15"]
[EventCountry "GER"]
[SourceTitle "CBM 063"]
[Source "ChessBase"]
[SourceDate "1998.03.26"]
[SourceVersion "1"]
[SourceVersionDate "1998.03.26"]
[SourceQuality "1"]
[WhiteTeam "St Ingbert"]
[BlackTeam "Solingen"]
[WhiteTeamCountry "GER"]
[BlackTeamCountry "GER"]

1. d4 Nf6 2. c4 e6 3. Nf3 d5 4. g3 dxc4 5. Bg2 c5 6. O-O Nc6 7. dxc5 Qxd1 (7...
Qa5 8. Nd4 Nxd4 9. Qxd4 Bxc5 (9... Qxc5 10. Qxc5 Bxc5 11. Nd2 c3 12. bxc3 Rb8
13. Nb3 Bd6 14. Rd1 Be5 (14... Ke7 15. Rxd6 Kxd6 16. Bf4+ e5 17. Rd1+)) 10.
Qxc4 Bd7 $5 11. Bxb7 Rb8 $44) 8. Rxd1 Bxc5 9. Nbd2 c3 (9... b5 $6 10. Ne5 (10.
a4 $1) 10... Nxe5 11. Bxa8 Neg4 12. e3 Ba6) 10. bxc3 Bd7 (10... O-O 11. Nb3 Be7
12. Nfd4 Bd7 13. Nxc6 (13. Bg5 Rac8 14. Nb5) 13... Bxc6 14. Bxc6 bxc6 15. Na5
Rfc8 16. Bg5 h6 17. Bxf6 Bxf6 18. Rd3 Rab8) 11. Rb1 (11. Nb3 Be7 12. Nfd4 O-O)
11... O-O-O 12. Nd4 $6 (12. Ng5 $1 Be8 13. Bb2 Be7 14. c4 h6 15. Nge4 Nxe4 16.
Nxe4 f6 17. c5 $14) (12. Nb3 Bxf2+ (12... Bb6 $5) 13. Kxf2 Ne4+ 14. Ke1 Nxc3
15. Bb2 Nxd1 16. Rxd1 f6 17. Nc5 b6 18. Nxd7 Rxd7 19. Rc1 Rc7 $15) 12... e5 $1
$11 (12... Nd5 $6 13. Ne4 Nxc3 (13... Bxd4 14. cxd4 f5 15. Nd6+) 14. Nxc3 (14.
Nxc5 Nxd1 15. Nb5 (15. Bf4 Nc3 16. Rxb7 (16. Nxc6 Bxc6 17. Bxc6 Nxb1 18. Bxb7#)
)) 14... Bxd4 15. Nb5 $44) 13. Nxc6 (13. N2b3 Bf5 $1) 13... Bxc6 14. Bxc6 bxc6
15. Bb2 Rd7 (15... Rxd2 16. Rxd2 Ne4 17. Rc2 $8 (17. Rd3 Nxf2 18. Rf3 Ne4+ 19.
Kg2 Nd2)) (15... h5 $5 16. h4 $2 (16. c4 Bd4 17. Bxd4 Rxd4 18. Nb3 Rxc4 19. Na5
Rc5 (19... Rc2 20. Rdc1 $1 (20. Nb7 Kc7 21. Nd6 Rb8)) 20. Nb7 Rd5 21. Nd6+ Kc7
22. Nxf7 Re8) 16... Rxd2 17. Rxd2 Ne4 18. Rc2 Bxf2+ 19. Kg2 Bxg3) 16. Nc4 $2 (
16. Nb3 Rhd8 17. Rxd7 Nxd7 18. Rd1 f6 19. e4 $11 (19. Rxd7 $2 Rxd7 20. Nxc5 Rd2
21. Na4 (21. Nd3 e4) 21... Rxe2 22. Kf1 Rc2 23. Ke1 e4 $17)) 16... Rhd8 17.
Rxd7 Nxd7 18. Kg2 f6 19. Rd1 (19. e4 Nb6 $17) 19... Kc7 20. e4 Rb8 21. Rd2 Nb6
22. Na5 $1 (22. Nxb6 axb6 23. c4 Ra8 24. Bc1 Ra4 (24... Ba3 $5 25. Bxa3 Rxa3
26. Rc2 Kd6 $17) 25. Rc2 Bd4 26. Kf3 b5 27. cxb5 c5 28. Ke2 Kb6 $17) 22... Na4
(22... g5 23. g4 (23. h3 h5 24. Kf3)) 23. Nc4 (23. Nb3 Be7) 23... Rb5 24. Rc2
Be7 (24... Nb6 $5 25. Nd2 $8 (25. Nxb6 axb6 26. c4 Ra5 27. Bc1 Bd4 28. Kf3 b5
29. cxb5 c5 $1) 25... Ra5 $1 (25... Be7 26. Bc1 $15) 26. Nb3 Rxa2 27. Nxc5 Nc4
28. Nd3 a5 $1 29. Rc1 $2 (29. Re2 a4 30. Kf3 a3 (30... Nxb2 31. Nxb2 (31. Rxb2
Rxb2 32. Nxb2 a3) (31. Nb4 $1) 31... a3) 31. Bxa3 Rxa3 32. Rc2 Kb6 $15) 29...
Nxb2 30. Rc2 a4 $1) 25. Ba3 Bxa3 26. Nxa3 Ra5 27. Kf3 Nb6 28. Nb1 Nc4 29. Nd2 (
29. Ke2 Rb5 30. Nd2 Na3 31. Rc1 Rb2 $19) 29... Na3 (29... Nxd2+ 30. Rxd2 Ra3
31. Rc2 c5 (31... Kb6 32. Ke3 Kb5 33. Kd3) 32. Ke3 c4 33. Kd2 (33. f4) 33...
Kd6 34. Rb2 g6 $15) 30. Rb2 Nb5 31. Nb1 (31. Rc2 $2 Ra3 32. Nb1 (32. Nb3 a5)
32... Nd4+) 31... Ra4 32. Rc2 $1 (32. Ke3 Nd6 33. Nd2 Rxe4+ $1 34. Nxe4 Nc4+)
32... Nd6 $6 (32... Rd4 $1 33. Ke3 Rd1 34. Nd2 a5 $15 (34... g5 $5)) 33. Nd2
$11 Ra3 34. Ke3 Nb5 35. Nb1 Ra4 1/2-1/2